MDQL
is popping MORE tags! Check the
thread
!
Quizzes
Events
Quiz Creation
Community
Videos
Private Events
Remove Ads
Sign In
Join for FREE
Feedback
Dark Mode
Quiz Categories
Sports
Geography
Music
Movies
Television
Just For Fun
Miscellaneous
History
Literature
Language
Science
Gaming
Entertainment
Religion
Holiday
For Kids
Quiz Lab
Recent
Popular Today
Quiz Kudos Today
Editor Picks
Curator Picks
Quizzes by...
Day
Popularity
Type
Ratings
Length
Year
Community
Subscriptions
Recent Discussions
Orange Saloon
Badges
Playlists
Quests
Create
Leaderboards
Showdown
Live 5
Trivia Bingo
Activity
Puzzle Library
Sporcle Events
Private Events
Virtual Trivia
Globe League
Become a Host
Pub Owners
SporcleCon
Opinionation
Our Games
Videos
Blog
Mobile Apps
Partnerships
Remove Ads and Go Orange
Feedback
Miscellaneous
Crossword
General Knowledge
Baby Names
Logo
Food
Cars
Numbers
Grab Bag
University
College
Popular
Company
Slogans
Restaurants
Justice
Letter
Miscellaneous
Crossword
General Knowledge
Baby Names
Logo
Food
Cars
Numbers
Grab Bag
University
College
Popular
Company
Slogans
Restaurants
Justice
Letter
Random Quiz
Search Sporcle
×
Quiz Lab
Quiz Lab
Miscellaneous
Baby Names
Type in answers that appear in a list
Type in answers that appear in a list
Classic
Best Score? Go Orange.
Russian Baby Names Stats
Can you name the top 20 names each for boys and girls in Russia (2014)?
By
11Joe28
10m
40 Questions
358 Plays
358 Plays
358 Plays
Comments
Comments
Give Quiz Kudos
Give Quiz Kudos
-
- Ratings
hide this ad
Replay
Link that replays current quiz
Next Quiz
Link to next quiz in quiz playlist
You Got
0%
They Got
Avg Score
36%
Avg Friend Score
Upgrade to see
Score Distribution
Jump to the score distribution portion of the page
Score
0/40
Timer
10:00
0
Plays Today
Gender
Answer
% Correct
Girls
Maria
81.8%
Girls
Daria
80%
Boys
Aleksander
79.1%
Girls
Anna
75.7%
Boys
Vladimir
72.9%
Boys
Ivan
72.3%
Girls
Anastasia
62.6%
Girls
Sofia
55.9%
Boys
Mikhail
55%
Boys
Alexei
55%
Boys
Dmitri
53.6%
Girls
Ekaterina
53.6%
Boys
Igor
45.8%
Girls
Aleksandra
45.5%
Boys
Andrei
44.7%
Girls
Viktoria
41.6%
Boys
Nikita
39.1%
Boys
Maxim
36%
Girls
Elizaveta
34.6%
Boys
Ilya
34.4%
Gender
Answer
% Correct
Boys
Daniil
33.5%
Boys
Fedor
32.4%
Girls
Polina
29.3%
Boys
Artem
28.8%
Girls
Valeria
25.7%
Girls
Ksenia
24%
Boys
Roman
23.2%
Girls
Veronika
22.1%
Boys
Kirill
18.4%
Girls
Alisa
17.6%
Girls
Arina
16.8%
Girls
Eva
16.5%
Girls
Varvara
15.9%
Boys
Timofey
14.8%
Boys
Gleb
14.5%
Girls
Uliana
12.8%
Boys
Yaroslav
10.9%
Boys
Matvei
9.8%
Girls
Milanya
8.4%
Girls
Vasilia
1.7%
Quiz Playlist
Details
Report
Send in Message
Add To Playlist
Classic:
Type in answers that appear in a list
Quiz Source
Last Updated: Feb 16, 2017
Quiz Scoreboard
CHALLENGE
Sign Up to Join the Scoreboard
Show All
Scores
Hide
Comments
May contain spoilers
Recently Published
Two Season TV Shows II
by 123Four
Television
10m
Image Sorting: Flags VI
by Barbecue
Geography
2m
Find the 'City' Movie
by crazypaving
Movies
60s
More to Explore
Quiz From the Vault
Featured Blog Post
14 Easter Pick-up Lines to Find Eggs With
hide this ad
You Might Also Like...
Tags
Baby Names Quiz
Boys Names
Girl Names
Girls Names
Russia
Russian
Today's Top Quizzes in Miscellaneous
Browse Miscellaneous
hide this ad
Today's Top Quizzes in Baby Names
Browse Baby Names
Top Contributed Quizzes in Miscellaneous
1
The JOE quick-fire general knowledge quiz: Day 174
2
5-to-1: Fast Food
3
9x9 Crossword: Disney Movie Titles
4
The JOE quick-fire general knowledge quiz: Day 173
5
9x9 Crossword: Charlie and the Chocolate Factory
6
9x9 Crossword: The Simpsons
7
9x9 Crossword: Flags
8
9x9 Crossword: 2022 Movies
9
9x9 Crossword: Actors
10
9x9 Crossword: Pixar Movie Titles
Explore More
Trending Topics
NBA
Marvel
Anime
Kpop
Crossword
Disney
Harry Potter
WWE
NFL
Country
The Office
Soccer
Pokémon
Song
Puzzle
hide this ad
More By:
11Joe28
Quiz
Plays
Rating
Category
Featured
Created
Odd One Out: Actors and Actresses in Movies
37,464
4.52
Movies
Oct 2, 2016
Colorful Big 4 Teams
29,912
4.70
Sports
May 31, 2016
Race to Statehood A-Z
24,175
4.72
History
Nov 30, 2016
Star Wars Planets Logic Puzzle
9,387
3.08
Movies
Jan 15, 2016
'Weird Al' Yankovic Parody Match-Up
9,333
4.22
Music
Oct 21, 2014
Go to Creator's Profile
Score Distribution
Quiz Creator Spotlight
11Joe28
Follow
Send a Message
Quizzes Created
-
Created Quiz Play Count
-
More By This Creator
Popular Quizzes Today
1
Find the US States - No Outlines Minefield
2
Colored Red Africa Blitz
3
Find the 'City' Movie
4
5x2 Blitz: Bands
5
The Countries of the World
6
Find the Countries of Europe - No Outlines Minefield
7
Find the US States
8
US States
More Miscellaneous Quizzes
Are You Smarter Than a College Student? X
Published
Trending Quizzes
Colored Red Europe Blitz I
Colored Red Africa Blitz II
Colored Red Europe Blitz II
Colored Red Africa Blitz III
Colored Red Europe Blitz III
Recently Updated
How Do You Spell That?
pecheneg
Godzilla Movies
pecheneg
Grab Bag: 4-10 Letters
pecheneg
2024 March Madness Bracket
pecheneg
Famous TV Couples
Peacemaker
Champions League XIs: Real Madrid
pecheneg
Largest US Cities 1790-2010
pecheneg
Rides in Walt Disney World
pecheneg
Most Oscar Losses (Acting)
pecheneg
Beyoncé Albums
pecheneg
Trending Topics
Anime
NBA
Marvel
Disney
Harry Potter
Kpop
Crossword
Soccer
Puzzle
Pokémon
The Office
Country
WWE
Song
NFL
Your Account Isn't Verified!
In order to create a playlist on Sporcle, you need to verify the email address you used during registration. Go to your
Sporcle Settings
to finish the process.
Report this User
Report this user for behavior that violates our
Community Guidelines
.
Details:
Send Report
Go to the Sporcle.com Mobile Site →
Comments